| 000 | 01796nam0a2200325 4500 | ||
|---|---|---|---|
| 001 | RU\NLR\bibl\1744208 | ||
| 005 | 20260407114010.0 | ||
| 010 |
_a978-5-9961-0271-6 _9500 |
||
| 021 |
_aRU _b2011-7098 _9501 |
||
| 035 | _a(NLR Aleph) 001735111 | ||
| 090 |
_a1424088 _c1424088 |
||
| 100 | _a20110309d2010 |||y0rusy50 ca | ||
| 101 | 0 | _arus | |
| 102 | _aRU | ||
| 105 | _aa ||||||||| | ||
| 200 | 1 |
_aСовременные проблемы управления человеческими ресурсами _eучебное пособие для студентов, обучающихся по навправлению "Менеджмент" _fФедер. агентство по образованию, Гос. образоват. учреждение высш. проф. образования "Тюм. гос. нефтегазовый ун-т" _g[А.Н. Силин и др.] _gнауч. ред. д.соц.н., проф., заслуж. деятель науки Рос. Федерации А.Н. Силин |
|
| 210 |
_aТюмень _cТюмГНГУ _d2010 |
||
| 215 |
_a275 с. _d21 |
||
| 320 | _aБиблиогр.: с. 267-275 | ||
| 606 | 1 |
_aЧеловеческие ресурсы _jУчебные издания для высших учебных заведений _xУправление _92283322 _3RU\NLR\auth\661367887 |
|
| 686 | _aУ24(2)0-21я73 | ||
| 686 | _aС550.373я73 | ||
| 702 | 1 |
_4220 _8rus _7ca _aСилин _bА. Н. _f1946- _gАнатолий Николаевич _3RU\NLR\auth\7781026 _963954 |
|
| 712 | 0 | 2 |
_4570 _aТюменский государственный нефтегазовый университет _3RU\NLR\AUTH\889945858 _9387171 |
| 801 | 0 |
_aRU _bNLR _c20110309 _gRCR |
|
| 801 | 1 |
_aRU _bNLR _c20110309 |
|
| 942 | _cBOOK | ||
| 980 | _aNB | ||